The Wanted Lyrics - Statistics

General Stats
  • This quiz has been taken 639 times
    636 since last reset
  • The average score is 8 of 14
Answer Stats
Song Lyrics Answer % Correct
Glad You Came My ________will never be the same Universe
72%
Lose My Mind If heartache was a ________ pain Physical
71%
Lightning I know that it's a little bit __________ Frightening
68%
Warzone The pain you caused has left me dead ______ Inside
68%
Heart Vacancy This ain't the __________ hotel Heartbreak
67%
Gold Forever When the innocence is ____ and gone Dead
66%
All Time Low When I'm standing on the ______ ____ Yellow line
64%
Heart Vacancy You closed the door ______ the key Turned
59%
Chasing The Sun __________ by drums Hypnotised
57%
Lightning Out of control like a _____ of electric Surge
57%
Chasing The Sun We're gonna play in the dark till it's ______ again Golden
56%
Gold Forever I won't I won't let your ______ go Memory
50%
All Time Low Till it ______ I never know Ceases
47%
Warzone Everywhere I ____ I see your face Walk
43%
No matching quizzes found
Score Distribution
Percent of People with Each Score
Percentile by Number Answered
Your Score History
You have not taken this quiz since the last reset